<?xml version="1.0" encoding="UTF-8"?>
<record
    xmlns:xsi="http://www.w3.org/2001/XMLSchema-instance"
    xsi:schemaLocation="http://www.loc.gov/MARC21/slim http://www.loc.gov/standards/marcxml/schema/MARC21slim.xsd"
    xmlns="http://www.loc.gov/MARC21/slim">

  <leader>00882nam a2200169 a 4500</leader>
  <controlfield tag="001">000043844</controlfield>
  <controlfield tag="005">20201002045012.0</controlfield>
  <controlfield tag="008">140507s2004    sp ac         000 0 spa d</controlfield>
  <datafield tag="020" ind1=" " ind2=" ">
    <subfield code="a">8460796310</subfield>
  </datafield>
  <datafield tag="040" ind1=" " ind2=" ">
    <subfield code="a">DO-SdBNP</subfield>
    <subfield code="b">spa</subfield>
    <subfield code="c">BNPHU</subfield>
  </datafield>
  <datafield tag="100" ind1="1" ind2=" ">
    <subfield code="a">Sanchidri&#xE1;n Gallego, Jes&#xFA;s Mar&#xED;a Jos&#xE9;</subfield>
    <subfield code="9">69854</subfield>
  </datafield>
  <datafield tag="245" ind1="1" ind2="0">
    <subfield code="a">Estampas de la Tierra de &#xC1;vila :</subfield>
    <subfield code="b">fotograf&#xED;as de un vivir diario (1987) /</subfield>
    <subfield code="c">Jes&#xFA;s M. J. Sanchidr&#xE1;n Gallego ; pr&#xF3;logo de Jos&#xE9; Jim&#xE9;nez Lozano.</subfield>
  </datafield>
  <datafield tag="260" ind1=" " ind2=" ">
    <subfield code="a">Piedrah&#xED;ta &#xC1;vila :</subfield>
    <subfield code="b">Piedra Caballero, revista cultural,</subfield>
    <subfield code="c">2004.</subfield>
  </datafield>
  <datafield tag="300" ind1=" " ind2=" ">
    <subfield code="a">141 p. :</subfield>
    <subfield code="b">il., retrs. ;</subfield>
    <subfield code="c">30 cm.</subfield>
  </datafield>
  <datafield tag="505" ind1="0" ind2=" ">
    <subfield code="a">El trabajo de la tierra--</subfield>
    <subfield code="t">Los molinos del Adaja--</subfield>
    <subfield code="t">El trato de los animales --</subfield>
    <subfield code="t">Tipos, arte y oficios --</subfield>
    <subfield code="t">Celebraciones festivas --</subfield>
    <subfield code="t">Deportes populares --</subfield>
    <subfield code="t">Atracciones --</subfield>
    <subfield code="t">Taurinos --</subfield>
    <subfield code="t">Mozos y quintos --</subfield>
    <subfield code="t">C&#xF3;micos y comediantes --</subfield>
  </datafield>
  <datafield tag="700" ind1="1" ind2="2">
    <subfield code="a">Jim&#xE9;nez Lozano, Jos&#xE9;</subfield>
    <subfield code="e">pr&#xF3;l.</subfield>
    <subfield code="9">21662</subfield>
  </datafield>
  <datafield tag="952" ind1=" " ind2=" ">
    <subfield code="0">0</subfield>
    <subfield code="1">0</subfield>
    <subfield code="5">0</subfield>
    <subfield code="7">1</subfield>
    <subfield code="8">MO</subfield>
    <subfield code="a">GR</subfield>
    <subfield code="b">GR</subfield>
    <subfield code="c">CT</subfield>
    <subfield code="d">2014-05-07</subfield>
    <subfield code="i">LF1</subfield>
    <subfield code="l">0</subfield>
    <subfield code="o"> </subfield>
    <subfield code="p">43844-10</subfield>
    <subfield code="r">2020-06-25</subfield>
    <subfield code="w">2020-06-25</subfield>
    <subfield code="y">1</subfield>
    <subfield code="Z">No se presta</subfield>
  </datafield>
  <datafield tag="999" ind1=" " ind2=" ">
    <subfield code="c">43333</subfield>
    <subfield code="d">43333</subfield>
  </datafield>
</record>
